Travel, entertainment, gift, and car expenses : for use in preparing ... returns.

Bibliographic Details
Previous Title:Travel, entertainment, and gift expenses
Corporate Author: United States. Internal Revenue Service
Format: Government Document Serial
Language:English
Published: [Washington, D.C.] : Dept. of the Treasury, Internal Revenue Service, [1996-]
Series:Publication (United States. Internal Revenue Service) ; 463.
Subjects:
Online Access:Latest issue only

MARC

Tag First Indicator Second Indicator Subfields
LEADER 00000cas a2200000 a 4500
001 in00001383521
008 970131c19969999dcuar f0 0eng d
005 20230331145456.1
010 |a sn 97028099  
035 |a (OCoLC)ocm36304637 
035 |a (OCoLC)36304637 
035 |9 AHK8158AM 
035 |a in00001383521 
040 |a SEN  |c SEN  |d GPO  |d MvI  |d UtOrBLW 
042 |a lcd 
043 |a n-us--- 
049 |a UDOC 
049 |a WWW 
074 |a 0964-B 
074 |a 0964-B (online) 
086 0 |a T 22.44/2:463/ 
245 0 0 |a Travel, entertainment, gift, and car expenses :  |b for use in preparing ... returns. 
264 1 |a [Washington, D.C.] :  |b Dept. of the Treasury, Internal Revenue Service,  |c [1996-] 
336 |a text  |b txt  |2 rdacontent 
337 |a unmediated  |b n  |2 rdamedia 
338 |a volume  |b nc  |2 rdacarrier 
362 0 |a 1996- 
300 |a volumes :  |b illustrations ;  |c 28 cm. 
310 |a Annual 
490 1 |a Publication ;  |v 463 
500 |a Address: Eastern Area Distribution Center, P.O. Box 85074, Richmond, VA 23261-5074. 
500 |a Title from caption. 
530 |a Latest issue available via Internet from the IRS web site (PDF file only). Address as of 1/24/2001: http://ftp.fedworld.gov/pub/irs-pdf/p463.pdf ; current access is available via PURL. 
580 |a Also available as part of CD-ROM: United States. Internal Revenue Service. Federal tax forms. 
650 0 |a Income tax deductions for travel and entertainment expenses  |z United States  |v Periodicals. 
650 0 |a Gifts  |x Taxation  |x Law and legislation  |z United States  |v Periodicals. 
650 0 |a Expense accounts and taxation  |z United States  |v Periodicals. 
780 0 0 |t Travel, entertainment, and gift expenses  |w (OCoLC)20076749  |w (DLC)sn 92023814 
787 1 |a United States. Internal Revenue Service.  |t Federal tax forms  |w (DLC) 95655280  |w (OCoLC)29894562 
710 1 |a United States.  |b Internal Revenue Service. 
830 0 |a Publication (United States. Internal Revenue Service) ;  |v 463. 
856 4 1 |3 Latest issue only  |u https://purl.fdlp.gov/GPO/LPS8185  |t 0 
999 |a MARS 
999 f f |i f62c086f-0afc-3190-9550-59b8536d69a0  |s 7dcff0d1-fe60-36db-bef6-39506f6c4b5d  |t 0 
952 f f |a Texas A&M University  |b College Station  |c Electronic Resources  |d Available Online  |t 0  |e T 22.44/2:463/  |h Superintendent of Documents classification 
998 f f |a T 22.44/2:463/  |t 0  |l Available Online